Statistiche per Elenca la formazione - Finale UEFA Europa League 2015-2016

Clicka qui per fare il quiz!

Statistiche generali

  • Questo quiz è stato fatto 4 volte
  • Il punteggio medio è 9 su 22

Statistiche sulle risposte

RuoloNazioneCalciatore% Corretto
DifensoreCroaziaDejan Lovren
100%
AlaBrasilePhilippe Coutinho
100%
TrequartistaBrasileRoberto Firmino
100%
PortiereBelgioSimon Mignolet
100%
DifensoreSpagnaAlberto Moreno
67%
AttaccanteInghilterraDaniel Sturridge
67%
CentrocampistaGermaniaEmre Can
67%
CentrocampistaInghilterraJames Milner
67%
AlaInghilterraAdam Lallana
33%
AlaSpagnaCoke
33%
DifensorePortogalloDaniel Carriço
33%
TrequartistaArgentinaÉver Banega
33%
AttaccanteFranciaKévin Gameiro
33%
DifensoreCosta d'AvorioKolo Touré
33%
DifensoreInghilterraNathaniel Clyne
33%
CentrocampistaFranciaSteven Nzonzi
33%
DifensoreFranciaAdil Rami
0%
PortiereSpagnaDavid Soria
0%
CentrocampistaPoloniaGrzegorz Krychowiak
0%
DifensoreBrasileMariano
0%
DifensoreSpagnaSergio Escudero
0%
AlaSpagnaVitolo
0%

Distribuzione punteggi

Percentile per numero di risposta

Percentuale di utenti per punteggio

I tuoi punteggi nel tempo

Non hai fatto questo quiz